000 00753nam a2200217Ia 4500
003 Ost
005 20260507075025.0
008 260507s9999||||xx |||||||||||||| ||und||
020 _a9957240226
040 _cfsecg
041 _aara
082 _a330
100 _aصبري ، عزام
_eمؤلف
245 0 _aالرياضيات في النهايات والإشتقاق وتطبيقاته /
_c عزام صبري
260 _aعمان:
_bدار الصفاء للنشر والتوزيع,
_c2002
300 _a183 صفحة؛
_bإيضاحات ؛
_c24 سم
520 _aالنهايات والإتصال- الإشتقاق- تطبيقات على الإشتقاق
653 _aالإشتقاق
653 _aالرياضيات
942 _cكتاب
999 _c42322
_d42322